Chess Pieces - Sudden Death - Statistics

General Stats
  • This quiz has been taken 155 times
  • The average score is 5 of 6
Answers on the Grid
Answers color-coded by a green-red scale on the quiz's grid according to % correct below.
Attack
Bishop
Castle
Catapult
Horse
King
Knight
Pawn
Peasent
Prince
Queen
Rook
 
Answer Stats
Answer % Correct
Bishop
97%
King
81%
Pawn
80%
Queen
80%
Knight
78%
Rook
75%
No matching quizzes found
Score Distribution
Percent of People with Each Score
Percentile by Number Answered
Your Score History
You have not taken this quiz